| 000 | 00834nam a22002057a 4500 | ||
|---|---|---|---|
| 003 | BUBTL | ||
| 008 | 230408b ||||| |||| 00| 0 eng d | ||
| 020 | _a9848261087 | ||
| 082 | _a891.443/ T129g/ 2019 | ||
| 100 |
_92429 _aঠাকুর, রবীন্দ্রনাথ |
||
| 245 |
_aগল্পগুচ্ছ / _cরবীন্দ্রনাথ ঠাকুর |
||
| 250 | _a1st Edn. | ||
| 260 |
_aঢাকা: _bদি স্কাই পাবলিশার্স, _cc2019 |
||
| 300 |
_a667 p.: _c22 cm. |
||
| 505 | _aগল্পগুচ্ছ, রবীন্দ্রনাথ ঠাকুর, বাংলা সাহিত্য, বাংলা | ||
| 650 | 0 |
_91687 _aবাংলা সাহিত্য |
|
| 856 |
_k0 _l0 _yDownload |
||
| 942 |
_2ddc _cBK |
||
| 999 |
_c7024 _d7024 |
||